| 000 | 00471cam a2200145 4500500 | ||
|---|---|---|---|
| 005 | 20260201020308.0 | ||
| 041 | _afre | ||
| 042 | _adc | ||
| 100 | 1 | 0 |
_aDusserre, Aurélia _eauthor |
| 245 | 0 | 0 | _aAbd el-Krim, héros ambigu |
| 260 | _c2026. | ||
| 500 | _a83 | ||
| 786 | 0 | _nL'Histoire - Les Collections | 110 | 1 | 2026-01-08 | p. 89-89 | 1276-4183 | |
| 856 | 4 | 1 | _uhttps://shs.cairn.info/magazine-lhistoire-les-collections-2026-1-page-89?lang=fr&redirect-ssocas=7080 |
| 999 |
_c1639001 _d1639001 |
||